00794nam a2200229 a 4500001001300000003000900013005001700022008004100039020001800080040002800098043001200126100002900138245006200167250008400229260006300313300002900376490002800405650002400433650003800457650002300495651004600518C01483725c-0CO-ViMGA20230915233136.0150810s2015 ck gr 0001p fre d a9789588894379 aCO-ViMGAbspacCO-ViMGA as-ck---1 aOspina, William, d1954-13aEl año del verano que nunca llegó / cWilliam Ospina. aEdicion especial para El Ministerio de Cultura, Biblioteca Nacional de Colombia aBogotá : bPenguin Random House Grupo Editorial, c2015. a295 páginas ; c24 cm.1 aLiteratura Random House14aEpidemiasv Novela.14aErupciones volcánicasv Novela.14aNovela colombiana. 4aEuropax Descripciones y viajesv Novela.